| 000 | 01924nam a22002537a 4500 | ||
|---|---|---|---|
| 003 | Uzh_bibl | ||
| 008 | 260422b |||||||| |||| 00| 0 ukr d | ||
| 020 |
_a966-603-270-8 _c24,29 |
||
| 040 | _bукр. | ||
| 041 |
_2ukr _aukr |
||
| 080 | _a821.161.2 | ||
| 090 |
_a821.161.2 _bК 14 |
||
| 100 | _a- | ||
| 245 |
_aУкраїнські народні казки _bКазки Гуцульщини _cупоряд. М. Зінчук |
||
| 260 |
_aЛьвів _b"Світ" _c2004 |
||
| 300 |
_a312с. _fВ опр. |
||
| 520 | _aДруга книга українських народних казок продовжує серію, що складається з регіональних збірок, які в сукупності відображають стан побутування казкового епосу в Україні у другій половині XX ст. Казки згруповані за етнографічними регіонами (казки Гуцульщини, Бойківщини, Буковини, Покуття, Закарпаття тощо), у межах цих регіонів – за адміністративними районами та окремими селами. У межах кожного села окремо подані казки різних розповідачів. Мова казок наближена до літературної. Деякі найхарактерніші діалектизми збережені та розтлумачені у примітках під текстом і в словничку наприкінці кожного тому. | ||
| 521 | _aДля широкого кола читачів | ||
| 546 | _aукр. | ||
| 650 | _aНауково-популярне видання | ||
| 653 |
_aПацюк _aБілокоров _aДиво |
||
| 655 |
_aНаукова література _vКазки |
||
| 942 |
_2udc _cBK |
||
| 999 |
_c17454 _d17454 |
||